000 01256cam a2200385 a 4500
001 2260
003 FISKH
005 20250206155449.0
008 990809s2000 nyua b 000 1 eng
010 _a 99040056
020 _z0679894586 (trade)
020 _a0679994580 (GLB)
020 _a0439326834
035 _a(DLC) 99040056
040 _aDLC
_cDLC
_dDLC
_beng
042 _alcac
050 0 0 _aPZ7.R8139
082 0 0 _a813.54
100 1 _aRoy, Ron,
_d1940-
245 1 4 _aThe jaguar's jewel /
_cby Ron Roy ; illustrated by John Steven Gurney.
250 _aFirst Scholastic printing, 2001
260 _aNew York :
_bScholastic,
_c2000.
300 _a87 pages :
_billustrations ;
_c20 cm
490 1 _aA to Z mysteries
505 _aM
520 _aDink and his friends use their detective skills to locate a giant emerald missing from a statue delivered to Uncle Warren's museum in New York City.
521 _a540
_bLexile
521 _aM
_bRaz-Plus
650 1 _aMystery and detective stories.
650 1 _2Jaguar
_vJuvenile Literature
651 1 _aNew York
_vFiction.
700 1 _aGurney, John Steven,
_d1962-
_eillustrator
906 _a7
_bcbc
_corignew
_d1
_eocip
_f19
_gy-gencatlg
942 _2ddc
_cBK
_n0
999 _c2260
_d2260